000 00903nam a22001935i 4500
001 163060
003 ES-MaACL
005 20230906212648.0
008 040909s1879 sp |||| | spa d
040 _aCAM
_bspa
_cCAM
110 2 _aReal Academia Gaditana de Ciencias y Letras.
_96340
245 1 0 _aSesion solemne celebrada por la Real Academia Gaditana de Ciencias y Letras con motivo de la recepcion del Pablo Medina y Guerrero el 22 de mayo de 1879.
260 _aCádiz :
_b[s.n.],
_c1879 (
_fEstablecimiento tipográfico de José María Gálvez)
300 _a52 p. ;
_c20 cm.
505 8 _aDiscurso de Pablo Medina y Guerrero, y contestación por José M. Fernández de Cires
700 1 1 _aMedina y Guerrero, Pablo.
_9129786
700 1 1 _aFernández de Cires, José María.
_9127048
852 _aES-MaACL
_jT-342-F-5
_z-- Enc. hol.
_q-- Falto de la cub. original
_z-- Enc. en un vol. facticio
999 _c163060
_d163060